000 00425nam a2200133Ia 4500
005 20260328101441.0
008 260328s9999||||xx |||||||||||||| ||und||
100 _aIakovidis, Spiros
245 0 _aMycenae-Epidaurus-Argos-Tiryns-Nauplion :
_b A complete Guide to the museums and archaeological sites of the Argolid /
_cSpiros Iakovidis
260 _bEkdotike Athenon
300 _a160 p.
650 _aARQUITECTURA
942 _cBK
999 _c8261
_d8261